La subordination : Méthodes et notions (notice n° 2117869)
[ vue normale ]
| 000 -LEADER | |
|---|---|
| fixed length control field | 01081cam a2200133 4500500 |
| 005 - DATE AND TIME OF LATEST TRANSACTION | |
| control field | 20260405015744.0 |
| 041 ## - LANGUAGE CODE | |
| Language code of text/sound track or separate title | fre |
| 042 ## - AUTHENTICATION CODE | |
| Authentication code | dc |
| 100 10 - MAIN ENTRY--PERSONAL NAME | |
| Personal name | Verjans, Thomas |
| Relator term | author |
| 245 00 - TITLE STATEMENT | |
| Title | La subordination : Méthodes et notions |
| 260 ## - PUBLICATION, DISTRIBUTION, ETC. | |
| Name of publisher, distributor, etc. | Armand Colin,<br/> |
| Date of publication, distribution, etc. | 2013.<br/> |
| 520 ## - SUMMARY, ETC. | |
| Summary, etc. | L’analyse logique compte parmi les exercices privilégiés de la grammaire traditionnelle. L’ambition du présent ouvrage est d’offrir une vue d’ensemble de la subordination en français en se fondant principalement sur les opérations fondamentales de l’analyse linguistique et en explorant également les marges de la notion. Destiné d’abord à des étudiants de premier cycle, cet ouvrage s’adresse plus généralement à tous ceux que les mécanismes de la phrase complexe intéressent. POUR LES ÉTUDIANTS EN LETTRES, LINGUISTIQUE ET STYLISTIQUE 1. Un cours avec des définitions et des exercices corrigés 2. Des outils fondamentaux pour travailler à son rythme |
| 856 41 - ELECTRONIC LOCATION AND ACCESS | |
| Uniform Resource Identifier | <a href="https://shs.cairn.info/la-subordination--9782200287337?lang=fr&redirect-ssocas=7080">https://shs.cairn.info/la-subordination--9782200287337?lang=fr&redirect-ssocas=7080</a> |
Pas d'exemplaire disponible.




Réseaux sociaux